| 000 | 01093nam a2200325 a 4500 | ||
|---|---|---|---|
| 001 | 87968417 /NE | ||
| 003 | TR-AnTOB | ||
| 005 | 20241121152449.0 | ||
| 007 | ta | ||
| 008 | 900207s1986 tu ac b 00110btur | ||
| 040 |
_aTR-AnTOB _beng _cTR-AnTOB _erda |
||
| 041 | 0 | _atur | |
| 060 |
_aWZ 100.E29 _bA37 1986 |
||
| 096 |
_aWZ 100.E29 _bA37 1986 |
||
| 100 | 1 |
_aAksoy, Yaşar, _d1947- _4author _97126 |
|
| 245 | 1 | 0 |
_aBir kent, bir insan / _cİzmirʼin son yüzyılı, S. Ferit Eczacıbaşıʼnın yaşımı ve anıları. |
| 264 | 1 |
_aİstanbul : _bDr. Nejat F. Eczacıbaşı Vakfı Yayınları, _c1986. |
|
| 300 |
_a360 p. : _bill., ports. ; _c24 cm. |
||
| 336 |
_2rdacontent _atext _btxt |
||
| 337 |
_2rdamedia _aunmediated _bn |
||
| 338 |
_2 rdacarrier _avolume _bnc |
||
| 490 | 0 |
_aToplumsal Belgeler Dizisi ; _v2 |
|
| 500 | _aIncludes index. | ||
| 504 | _aBibliography: p. [331]-334. | ||
| 600 | 1 | 0 |
_aEczacıbaşı, Süleyman Ferit, _d1885-1973 _9119688 |
| 650 | 2 |
_aPharmacists _9119739 |
|
| 651 | 0 |
_aİzmir (Turkey) _967498 |
|
| 942 |
_2NLM _cBK |
||
| 999 |
_c200429484 _d47408 |
||